Self-compacting concrete proves its potential on first large scale use in UK (Record no. 63576)

MARC details
000 -LEADER
fixed length control field 00810cam a2200193 4500
001 - CONTROL NUMBER
control field ABS62287
008 - FIXED-LENGTH DATA ELEMENTS--GENERAL INFORMATION
fixed length control field 000000n2000 000 0 eng u
035 ## - SYSTEM CONTROL NUMBER
System control number (Sirsi) u106120
245 ## - TITLE STATEMENT
Title Self-compacting concrete proves its potential on first large scale use in UK
260 ## - PUBLICATION, DISTRIBUTION, ETC.
Date of publication, distribution, etc. 2000
490 ## - SERIES STATEMENT
Series statement Building Engineer
Volume/sequential designation 75(5) May 2000, 30-31(2)
520 ## - SUMMARY, ETC.
Summary, etc. Describes the first large scale commercial use of self-compacting concrete in the UK for a regional shopping centre at Milton Keynes. It has brought significant construction time and cost savings as well as an improved on-site working environment and performance.
590 ## - LOCAL NOTE (RLIN)
Local note ABS
650 ## - SUBJECT ADDED ENTRY--TOPICAL TERM
Topical term or geographic name entry element SELF-COMPACTING CONCRETE
650 ## - SUBJECT ADDED ENTRY--TOPICAL TERM
Topical term or geographic name entry element SHOPPING CENTRE
650 ## - SUBJECT ADDED ENTRY--TOPICAL TERM
Topical term or geographic name entry element COST REDUCTION
690 ## - LOCAL SUBJECT ADDED ENTRY--TOPICAL TERM (OCLC, RLIN)
Topical term or geographic name as entry element BUILT ENVIRONMENT-BUILDING MATERIALS
942 ## - ADDED ENTRY ELEMENTS (KOHA)
Suppress in OPAC 0
Holdings
Withdrawn status Lost status Source of classification or shelving scheme Damaged status Not for loan Home library Current library Shelving location Date acquired Total Checkouts Full call number Barcode Date last seen Copy number Price effective from Koha item type
    Dewey Decimal Classification     London London Journal article 30/05/2000   ABS62287 106120-1001 06/08/2019 1 06/08/2019 Journal article